Správa daní a daňové konanie s komentárom
Salvato in:
| Autore principale: | |
|---|---|
| Natura: | Libro |
| Lingua: | slovacco |
| Pubblicazione: |
Bratislava
EUROUNION
2000
|
| Soggetti: | |
| Tags: |
Nessun Tag, puoi essere il primo ad aggiungerne!!
|
MARC
| LEADER | 00000nam a2200000 4500 | ||
|---|---|---|---|
| 001 | c123284 | ||
| 005 | 20221108083649.0 | ||
| 020 | |a 80-88984-19-X | ||
| 041 | 0 | |a slo | |
| 044 | |a SK | ||
| 245 | 1 | 0 | |a Správa daní a daňové konanie s komentárom |c Alena Pauličková |
| 264 | 1 | |a Bratislava |b EUROUNION |c 2000 | |
| 300 | |a 213 s. | ||
| 610 | 2 | 0 | |a komentáre |
| 610 | 2 | 0 | |a dane |
| 610 | 2 | 0 | |a priznania daňové |
| 610 | 2 | 0 | |a priznania majetkové |
| 610 | 2 | 0 | |a doklady daňové |
| 610 | 2 | 0 | |a právo |
| 610 | 2 | 0 | |a sťažnosti |
| 610 | 2 | 0 | |a konanie daňové |
| 610 | 2 | 0 | |a pokuty |
| 610 | 2 | 0 | |a 1992 |
| 610 | 2 | 0 | |a Slovensko |
| 610 | 2 | 0 | |a 1993 |
| 610 | 2 | 0 | |a úrady daňové |
| 610 | 2 | 0 | |a orgány finančné |
| 610 | 2 | 0 | |a pohľadávky |
| 610 | 2 | 0 | |a exekúcia |
| 610 | 2 | 0 | |a okresy |
| 100 | 1 | |a Pauličková, Alena | |